Brawl Stars: Max Force Skins by Picture - Statistics

General Stats
  • This quiz has been taken 38 times
  • The average score is 16 of 21
Answer Stats
Picture Answer % Correct
Amazing Charlie
93%
King Crab Tick
90%
Robo Mike
86%
Streetwear Max
86%
Super Ranger Brock Black
83%
Super Ranger Brock Blue
83%
Super Ranger Brock Red
83%
Super Ranger Brock Yellow
83%
Blackbird Edgar
79%
Mega Beetle Bea
79%
Robo Spike
79%
Super Ranger Brock Pink
79%
Kaiju Buzz
76%
Patrol R-T
76%
Ultra Driller Jacky
72%
First Blob Squeak
69%
Super Ranger Brock
69%
Bibilante
66%
G-Force Janet
66%
Scarlet Paladin Surge
62%
Mecha Paladin Surge
59%
No matching quizzes found
Score Distribution
Percent of People with Each Score
Percentile by Number Answered
Your Score History
You have not taken this quiz